Sunset Tower- Conan Gray (Lyrics) - Statistics

General Stats
  • This quiz has been taken 40 times
  • The average score is 255 of 295
Answer Stats
Part Lyrics % Correct
a
100%
hear
100%
I
100%
in
100%
it
100%
the
100%
you
100%
your
100%
if
96%
If
96%
me
96%
So
96%
so
96%
there
96%
to
96%
we
96%
you're
96%
And
93%
and
93%
(And
93%
can
93%
can't
93%
Chorus Don't
93%
don't
93%
friend
93%
get
93%
it's
93%
It's
93%
(It's
93%
like
93%
new
93%
say
93%
say)
93%
tell
93%
again
89%
all
89%
be
89%
But
89%
but
89%
city
89%
dating
89%
Verse 1 Heard
89%
here
89%
horrible
89%
out
89%
says
89%
some
89%
that
89%
(That
89%
walk
89%
Outro Walk
89%
(Walk
89%
best
85%
day
85%
day)
85%
die
85%
Getting
85%
hope
85%
hope)
85%
how
85%
is
85%
of
85%
on
85%
place
85%
shit
85%
time
85%
total
85%
up
85%
was
85%
wish
85%
away)
81%
away
81%
doing
81%
Every
81%
felt
81%
go
81%
go)
81%
I'm
81%
know
81%
know)
81%
London
81%
news
81%
playing
81%
this
81%
well
81%
what
81%
when
81%
"Yeah
81%
after
78%
as
78%
fucking
78%
help"
78%
inside
78%
just
78%
Luka
78%
Lying
78%
myself
78%
said
78%
shooting
78%
someone
78%
that's
78%
through
78%
too
78%
Tower
78%
used
78%
Walking
78%
yourself
78%
'bout
74%
clear
74%
got
74%
hate
74%
head
74%
hide
74%
Hotel
74%
hurting
74%
leaving
74%
messed
74%
need
74%
No
74%
past
74%
pick
74%
space
74%
talking
74%
want
74%
working
74%
You've
74%
anyway)
70%
moving
70%
never
70%
Part
70%
proof
70%
stories
70%
wanted
70%
way
70%
We'd
70%
around
67%
back
67%
Been
67%
easier
67%
matter
67%
much
67%
one
67%
Verse 2 Spare
67%
still
67%
stuck
67%
tryna
67%
('Cause
63%
drive
63%
letting
63%
man
63%
really
63%
(Sometimes
63%
there's
63%
I've
59%
face
56%
hell
56%
little
56%
might
56%
(Than
56%
No matching quizzes found
Score Distribution
Percent of People with Each Score
Percentile by Number Answered
Your Score History
You have not taken this quiz